Blitz: Does It Contain 'B'? Quiz Stats

 Plays Quiz Updated Jun 7, 2015

Support Sporcle.
Go Orange.
Score 0/80 Timer 01:00
3 Plays Today
Word (Y)es or (N)o? % Correct
rhubarb???
78.1%
warmer???
78.1%
onions???
78%
raven???
78%
oxen???
78%
shouts???
78%
satisfies???
77.9%
confines???
77.8%
reinforcing???
77.9%
torch???
77.8%
wiser???
77.8%
turtle???
77.8%
accountant???
77.8%
marvelous???
77.8%
shortest???
77.8%
transistor???
77.8%
amazement???
77.7%
towel???
77.7%
exchequer???
77.7%
homework???
77.6%
squeeze???
77.6%
artisans???
77.6%
registry???
77.6%
engraving???
77.5%
stripes???
77.5%
threatens???
77.5%
precursor???
77.4%
pretensions???
77.4%
soaked???
77.4%
uncertainties???
77.4%
rhyme???
77.4%
whigs???
77.4%
titled???
77.3%
youngsters???
77.3%
attracting???
77.3%
ambulance???
77.2%
antagonism???
77.1%
deliberation???
77%
antibiotic???
77%
refrigerator???
76.9%
Word (Y)es or (N)o? % Correct
globule???
76.8%
wonderfully???
76.8%
doubtful???
76.8%
unbroken???
76.7%
rebuilt???
76.7%
arbitrarily???
76.7%
battalions???
76.6%
dribble???
76.5%
perturbing???
76.5%
subordination???
76.5%
thumb???
76.4%
double???
76.4%
halibut???
76.4%
abound???
76.4%
bisque???
76.3%
riverbank???
76.3%
barter???
76.2%
glib???
76.2%
carbohydrates???
76.1%
purple???
76%
plumber???
75.8%
fiddle???
75.7%
bowling???
75.6%
depicts???
75.6%
embarrassing???
75.6%
embraces???
75.5%
absurdity???
75.4%
harbor???
75.2%
tub???
75.1%
labeling???
74.7%
thimble???
74.5%
trouble???
74.3%
hemoglobin???
74%
bizarre???
73.8%
subsets???
72.9%
admirably???
72.8%
obscurity???
72.2%
redistribution???
71.4%
jackrabbit???
68.2%
allowable???
67.8%

You're not logged in!

Compare scores with friends on all Sporcle quizzes.
OR
Log In

From the Vault

Word Fragment VIII

by baldorr

We might need your help picking up the pieces.
Remove Ads.
Support Sporcle.
Get the best of Sporcle when you Go Orange. This ad-free experience offers more features, more stats, and more fun while also helping to support Sporcle. Thank you for becoming a member.

Show Comments

Extras

Top Quizzes Today


Score Distribution

Your Account Isn't Verified!

In order to create a playlist on Sporcle, you need to verify the email address you used during registration. Go to your Sporcle Settings to finish the process.

Report this User

Report this user for behavior that violates our Community Guidelines.

Details: